<?xml version="1.0" encoding="UTF-8"?>
<record
    xmlns:xsi="http://www.w3.org/2001/XMLSchema-instance"
    xsi:schemaLocation="http://www.loc.gov/MARC21/slim http://www.loc.gov/standards/marcxml/schema/MARC21slim.xsd"
    xmlns="http://www.loc.gov/MARC21/slim">

  <leader>01892nam a22004937a 4500</leader>
  <controlfield tag="001">BRCA_9253</controlfield>
  <controlfield tag="003">FranzMayer</controlfield>
  <controlfield tag="005">20231011110143.0</controlfield>
  <controlfield tag="008">230714b        |||||||| |||| 00| 0 eng d</controlfield>
  <datafield tag="020" ind1=" " ind2=" ">
    <subfield code="a">9786073073820</subfield>
  </datafield>
  <datafield tag="040" ind1=" " ind2=" ">
    <subfield code="a">MFM</subfield>
    <subfield code="b">esp</subfield>
    <subfield code="c">MFM</subfield>
  </datafield>
  <datafield tag="041" ind1=" " ind2=" ">
    <subfield code="a">esp</subfield>
  </datafield>
  <datafield tag="050" ind1=" " ind2="0">
    <subfield code="a">PC4065</subfield>
    <subfield code="b">C65 2023</subfield>
  </datafield>
  <datafield tag="110" ind1="1" ind2=" ">
    <subfield code="a">Colegio Nacional</subfield>
    <subfield code="9">28690</subfield>
  </datafield>
  <datafield tag="240" ind1="1" ind2=" ">
    <subfield code="a">Hablar y vivir en Am&#xE9;rica</subfield>
    <subfield code="l">esp</subfield>
  </datafield>
  <datafield tag="245" ind1="0" ind2=" ">
    <subfield code="a">Hablar y vivir en Am&#xE9;rica</subfield>
  </datafield>
  <datafield tag="260" ind1=" " ind2=" ">
    <subfield code="a">CDMX, M&#xE9;xico</subfield>
    <subfield code="b">Colegio Nacional</subfield>
    <subfield code="c">2023</subfield>
  </datafield>
  <datafield tag="300" ind1=" " ind2=" ">
    <subfield code="a">557 p</subfield>
    <subfield code="b">ilustraciones a color</subfield>
    <subfield code="c">26 cm</subfield>
  </datafield>
  <datafield tag="500" ind1=" " ind2=" ">
    <subfield code="a">L60/N5</subfield>
  </datafield>
  <datafield tag="505" ind1="0" ind2=" ">
    <subfield code="a">Destinado a: ling&#xFC;istas, fil&#xF3;logos, investigadores, historiadoresTexto en: espIncluye &#xED;ndice (tem&#xE1;tico)</subfield>
  </datafield>
  <datafield tag="610" ind1="1" ind2=" ">
    <subfield code="a">Colegio de M&#xE9;xico</subfield>
    <subfield code="9">28691</subfield>
  </datafield>
  <datafield tag="650" ind1="1" ind2=" ">
    <subfield code="2">Espa&#xF1;ol</subfield>
    <subfield code="a">Am&#xE9;rica</subfield>
    <subfield code="9">28692</subfield>
    <subfield code="v">Historia</subfield>
  </datafield>
  <datafield tag="651" ind1="2" ind2=" ">
    <subfield code="2">Lengua espa&#xF1;ola</subfield>
    <subfield code="a">Adquisici&#xF3;n</subfield>
    <subfield code="9">28836</subfield>
  </datafield>
  <datafield tag="700" ind1="1" ind2=" ">
    <subfield code="4">Aut</subfield>
    <subfield code="a">Bertolotti, Virginia</subfield>
    <subfield code="9">28693</subfield>
  </datafield>
  <datafield tag="700" ind1="1" ind2=" ">
    <subfield code="4">Aut.</subfield>
    <subfield code="a">Beyer Ruiz, Mar&#xED;a Elena</subfield>
    <subfield code="9">28694</subfield>
  </datafield>
  <datafield tag="700" ind1="1" ind2=" ">
    <subfield code="4">Aut</subfield>
    <subfield code="a">Corbella, Dolores</subfield>
    <subfield code="9">28695</subfield>
  </datafield>
  <datafield tag="700" ind1="1" ind2=" ">
    <subfield code="4">Aut</subfield>
    <subfield code="a">Gil, Juan</subfield>
    <subfield code="9">28696</subfield>
  </datafield>
  <datafield tag="700" ind1="1" ind2=" ">
    <subfield code="4">Aut.</subfield>
    <subfield code="a">Guti&#xE9;rrez Reyna, Jorge</subfield>
    <subfield code="9">28697</subfield>
  </datafield>
  <datafield tag="700" ind1="1" ind2=" ">
    <subfield code="4">Aut.</subfield>
    <subfield code="a">Hern&#xE1;ndez Trivi&#xF1;o, Ascensi&#xF3;n</subfield>
    <subfield code="9">28698</subfield>
  </datafield>
  <datafield tag="700" ind1="1" ind2=" ">
    <subfield code="4">Aut.</subfield>
    <subfield code="a">Le&#xF3;n C&#xE1;zares, Maria del Carmen</subfield>
    <subfield code="9">28699</subfield>
  </datafield>
  <datafield tag="700" ind1="1" ind2=" ">
    <subfield code="4">Aut.</subfield>
    <subfield code="a">Ram&#xED;rez Luengo, Jos&#xE9; Luis</subfield>
    <subfield code="9">28700</subfield>
  </datafield>
  <datafield tag="700" ind1="1" ind2=" ">
    <subfield code="4">Aut.</subfield>
    <subfield code="a">Rubial, Antonio.</subfield>
    <subfield code="9">28701</subfield>
  </datafield>
  <datafield tag="700" ind1="1" ind2=" ">
    <subfield code="4">Aut</subfield>
    <subfield code="a">Ruiz Tresgallo, Silvia</subfield>
    <subfield code="9">28702</subfield>
  </datafield>
  <datafield tag="700" ind1="1" ind2=" ">
    <subfield code="4">Aut.</subfield>
    <subfield code="a">Ru&#xED;z, Humberto Mario</subfield>
    <subfield code="9">28703</subfield>
  </datafield>
  <datafield tag="700" ind1="1" ind2=" ">
    <subfield code="4">Aut</subfield>
    <subfield code="a">Trejo Rivera, Flor</subfield>
    <subfield code="9">28704</subfield>
  </datafield>
  <datafield tag="700" ind1="1" ind2=" ">
    <subfield code="4">Dir. Ed.</subfield>
    <subfield code="a">Cruz Atienza, Alejandro</subfield>
    <subfield code="9">28705</subfield>
  </datafield>
  <datafield tag="700" ind1="1" ind2=" ">
    <subfield code="4">Coor. Ed</subfield>
    <subfield code="a">&#xC1;vila Urbina, Maria Elena</subfield>
    <subfield code="9">28706</subfield>
  </datafield>
  <datafield tag="700" ind1="1" ind2=" ">
    <subfield code="4">Coor. Prod</subfield>
    <subfield code="a">Guerrero Esper&#xF3;n, Alejandra</subfield>
    <subfield code="9">28707</subfield>
  </datafield>
  <datafield tag="700" ind1="1" ind2=" ">
    <subfield code="4">Corr.</subfield>
    <subfield code="a">Flores Monroy, Mariana</subfield>
    <subfield code="9">28708</subfield>
  </datafield>
  <datafield tag="700" ind1="1" ind2=" ">
    <subfield code="4">Corr.</subfield>
    <subfield code="a">Aguilar Santana, Daniela Ivette</subfield>
    <subfield code="9">28709</subfield>
  </datafield>
  <datafield tag="700" ind1="1" ind2=" ">
    <subfield code="4">Ico.</subfield>
    <subfield code="a">N&#xE1;jera Plascencia, Selene</subfield>
    <subfield code="9">28710</subfield>
  </datafield>
  <datafield tag="710" ind1="1" ind2=" ">
    <subfield code="a">UNAM</subfield>
    <subfield code="b">Instituto de investigaciones filol&#xF3;gicas</subfield>
    <subfield code="9">28711</subfield>
  </datafield>
  <datafield tag="942" ind1=" " ind2=" ">
    <subfield code="2">lcc</subfield>
    <subfield code="c">B</subfield>
  </datafield>
  <datafield tag="999" ind1=" " ind2=" ">
    <subfield code="c">10872</subfield>
    <subfield code="d">10872</subfield>
  </datafield>
  <datafield tag="952" ind1=" " ind2=" ">
    <subfield code="0">0</subfield>
    <subfield code="1">0</subfield>
    <subfield code="2">lcc</subfield>
    <subfield code="4">0</subfield>
    <subfield code="7">0</subfield>
    <subfield code="8">FCON</subfield>
    <subfield code="a">BRCA</subfield>
    <subfield code="b">BRCA</subfield>
    <subfield code="d">2023-07-14</subfield>
    <subfield code="e">Donaci&#xF3;n</subfield>
    <subfield code="l">0</subfield>
    <subfield code="o">PC4065 C65 2023</subfield>
    <subfield code="p">CONT10049</subfield>
    <subfield code="r">2023-07-14 00:00:00</subfield>
    <subfield code="t">1</subfield>
    <subfield code="w">2023-07-14</subfield>
    <subfield code="y">B</subfield>
  </datafield>
  <datafield tag="952" ind1=" " ind2=" ">
    <subfield code="0">0</subfield>
    <subfield code="1">0</subfield>
    <subfield code="2">lcc</subfield>
    <subfield code="4">0</subfield>
    <subfield code="7">0</subfield>
    <subfield code="8">FCON</subfield>
    <subfield code="a">BRCA</subfield>
    <subfield code="b">BRCA</subfield>
    <subfield code="d">2023-10-11</subfield>
    <subfield code="l">0</subfield>
    <subfield code="o">PC4065 C65 2023</subfield>
    <subfield code="p">CONT10238</subfield>
    <subfield code="r">2023-10-11 00:00:00</subfield>
    <subfield code="w">2023-10-11</subfield>
    <subfield code="y">B</subfield>
  </datafield>
</record>
